| 000 | 00514nam a2200217Ia 4500 | ||
|---|---|---|---|
| 008 | 101110s9999 xx 000 0 und d | ||
| 041 | _aMARATHI | ||
| 082 | _bSR33697 | ||
| 100 | _aLiman M.S. aani Raverkar D.P. | ||
| 245 | _aVyavsay vikas FYBCom | ||
| 260 |
_c2009 _bSheth pub, Mumbai |
||
| 300 | _a210 | ||
| 365 | _b70 | ||
| 520 | _aCommerce | ||
| 546 | _aMARATHI | ||
| 630 | _aVyavsay vikas FYBCom | ||
| 650 | _aCommerce | ||
| 655 | _aCommerce | ||
| 730 | _aVyavsay vikas FYBCom | ||
| 942 | _cBOOK | ||
| 999 |
_c826198 _d826195 |
||